Využitie umelej inteligencie na globálnych kapitálových trhoch (s aplikáciou na New Yorskej burze cenných papierov a NASDAQu) dizertačná práca
Salvato in:
| Autore principale: | |
|---|---|
| Ente Autore: | |
| Altri autori: | |
| Natura: | Libro |
| Lingua: | slovacco |
| Pubblicazione: |
Bratislava
2005
|
| Soggetti: | |
| Tags: |
Nessun Tag, puoi essere il primo ad aggiungerne!!
|
MARC
| LEADER | 00000nam$a2200000$$$4500 | ||
|---|---|---|---|
| 001 | 0054905 | ||
| 005 | 20230224101429.5 | ||
| 041 | 0 | |a slo | |
| 044 | |a SK | ||
| 245 | 1 | 0 | |a Využitie umelej inteligencie na globálnych kapitálových trhoch (s aplikáciou na New Yorskej burze cenných papierov a NASDAQu) |b dizertačná práca |c Urban Kováč ; školiteľ: Rudolf Sivák |
| 264 | 1 | |a Bratislava |c 2005 | |
| 300 | |a 210 s. | ||
| 610 | 2 | 0 | |a inteligencia umelá |
| 610 | 2 | 0 | |a trh kapitálový |
| 610 | 2 | 0 | |a modely |
| 610 | 2 | 0 | |a siete neurónové |
| 610 | 2 | 0 | |a modely cenové |
| 610 | 2 | 0 | |a modely stochastické |
| 610 | 2 | 0 | |a rady časové |
| 610 | 2 | 0 | |a výskum |
| 100 | 1 | |a Kováč, Urban | |
| 700 | 1 | |a Sivák, Rudolf, 1955- | |
| 710 | 2 | |a Národohospodárska fakulta EU. Katedra bankovníctva a medzinárodných financií | |